Statistics for Immigrants and Exiles

Click here to take the quiz!

General Stats

  • This quiz has been taken 6,995 times
  • The average score is 12 of 20

Answer Stats

Description Person % Correct
First female Nobel Prize winner, she was born in Poland and moved to FranceMarie Curie
92%
Self-destructive Dutch painter who moved to FranceVincent Van Gogh
90%
Viennese psychologist who moved to London to flee NazisSigmund Freud
84%
Religious leader who fled to India from TibetDalai Lama
82%
Singer of "Queen" whose family fled anti-Indian violence in ZanzibarFreddie Mercury
79%
Failed artist who caused a bit of trouble after moving from Austria to GermanyAdolf Hitler
75%
Polish film director who lived in the US, but fled to France to avoid statuatory rape chargesRoman Polanski
64%
Before meeting Jacqueline Bouvier, this shipping magnate moved from Turkey to GreeceAristotle Onassis
63%
Polite bear who left his home in darkest Peru to appear in a London stationPaddington Bear
61%
Rival of Stalin exiled in MexicoLeon Trotsky
59%
German emperor who lived in the Netherlands after World War I Wilhelm II
57%
American whistleblower who found sanctuary in RussiaEdward Snowden
56%
German communist agitator who found refuge in LondonKarl Marx
51%
Rotund French actor who became a Russian citizen to avoid taxesGérard Depardieu
46%
Prime Minister of Israel, she was born in Russia and grew up in AmericaGolda Meir
45%
Dutch prince who conquered England when asked nicelyWilliam III
45%
Polish piano genius who moved to ParisFrédéric Chopin
42%
This "Proud Mary" singer moved from America to SwitzerlandTina Turner
37%
French painter who escaped European morality by moving to TahitiPaul Gauguin
36%
Holocaust perpetrator who lived in Argentina before being captured in 1962Adolf Eichmann
28%

Score Distribution

Percentile by Number Answered

Percent of People with Each Score

Your Score History

You have not taken this quiz